000 00473nam a2200157 i 4500
001 182438
003 ES-MaACL
005 20230906221617.0
008 130814s2012 sp |||| | spa d
080 _a821.134.2-14"19"
100 1 _aCulla, Daniel de.
_9153254
245 1 3 _aLa negra Tomasa
_b: (extracto) /
_cDaniel de Culla.
260 _a[Burgos] :
_bGrupo poético "Elogio del Rebuzno",
_c2012.
300 _a50 p. :
_bil. ;
_c30 cm.
852 _aES-MaACL
_j2324-F-22
999 _c182438
_d182438